000
00335nam a22001457a 4500
020
_a
81-8189-014-0
041
_a
ENG
100
_a
Pandey.M
245
_a
Rural and Agriculture Markting
250
_a
1st Edition
260
_a
Lucknow
_b
International Book Distributing
_c
2004
300
_a
480
650
_a
GAE
856
_u
M.Tech ( 7 )
999
_c
1041
_d
1041